[Event "Werner-Ott-Open Kreuzberger Sommer"]
[Site "Berlin"]
[Date "2018.07.03"]
[Round "4.1"]
[White "Hacker, Jonas"]
[Black "Stern, Rene"]
[Result "0-1"]
[WhiteElo "2291"]
[BlackElo "2510"]
[PlyCount "64"]
[EventDate "2018.06.30"]
[EventType "swiss"]
[EventRounds "9"]
[EventCountry "GER"]
[SourceTitle "WOOKS_2018_R4"]
[SourceDate "2018.07.03"]
[SourceVersion "1"]
[SourceVersionDate "2018.07.03"]
[SourceQuality "1"]
[WhiteTeam "SC Eppingen"]
[BlackTeam "SK König Tegel"]

1. e4 e5 2. Nf3 Nc6 3. Bb5 a6 4. Ba4 Nf6 5. O-O Be7 6. Re1 b5 7. Bb3 d6 8. c3
O-O 9. d4 Bg4 10. d5 Na5 11. Bc2 c5 12. dxc6 Nxc6 13. h3 Be6 14. Nbd2 h6 15.
Nf1 Re8 16. Ne3 Bf8 17. a4 Qb6 18. b3 Rac8 19. Nd2 d5 20. exd5 Nxd5 21. Nxd5
Bxd5 22. axb5 axb5 23. Ne4 Ne7 24. Bb2 Red8 25. Qe2 Ng6 26. Qe3 Qc6 27. c4 bxc4
28. bxc4 Qxc4 29. Bd3 Qb3 30. Reb1 Nf4 31. Bc3 Rxc3 32. Nxc3 Qxc3 0-1

[Event "Werner-Ott-Open Kreuzberger Sommer"]
[Site "Berlin"]
[Date "2018.07.03"]
[Round "4.2"]
[White "Ahmadinia, Ebrahim"]
[Black "Federau, Juergen"]
[Result "1-0"]
[WhiteElo "2415"]
[BlackElo "2127"]
[PlyCount "75"]
[EventDate "2018.06.30"]
[EventType "swiss"]
[EventRounds "9"]
[EventCountry "GER"]
[SourceTitle "WOOKS_2018_R4"]
[SourceDate "2018.07.03"]
[SourceVersion "1"]
[SourceVersionDate "2018.07.03"]
[SourceQuality "1"]
[WhiteTeam "SF 1903 Berlin"]
[BlackTeam "SC Kreuzberg"]

1. e4 c5 2. Nf3 d6 3. Bb5+ Bd7 4. Bxd7+ Qxd7 5. c4 Nc6 6. d4 cxd4 7. Nxd4 g6 8.
b3 Nf6 9. Nc3 Bg7 10. Bb2 O-O 11. O-O a6 12. Nxc6 bxc6 13. Na4 Qe6 14. Re1 Nd7
15. Bxg7 Kxg7 16. Qd4+ Qe5 17. Qe3 Nc5 18. f4 Qh5 19. Nc3 Ne6 20. Rad1 Qg4 21.
Rf1 h5 22. f5 Qg5 23. Qf2 Nd8 24. c5 Qf6 25. Qe3 g5 26. e5 dxe5 27. Ne4 Qh6 28.
f6+ exf6 29. Rxf6 Qxf6 30. Nxf6 Kxf6 31. Rf1+ Kg6 32. Qxe5 f6 33. Qe7 Rf7 34.
Qe8 Kg7 35. Rd1 Rf8 36. Rd7+ Nf7 37. Rxf7+ Rxf7 38. Qxa8 1-0

[Event "Werner-Ott-Open Kreuzberger Sommer"]
[Site "Berlin"]
[Date "2018.07.03"]
[Round "4.3"]
[White "Kather, Yannick"]
[Black "Malek, Daniel"]
[Result "1-0"]
[WhiteElo "2053"]
[BlackElo "2383"]
[PlyCount "155"]
[EventDate "2018.06.30"]
[EventType "swiss"]
[EventRounds "9"]
[EventCountry "GER"]
[SourceTitle "WOOKS_2018_R4"]
[SourceDate "2018.07.03"]
[SourceVersion "1"]
[SourceVersionDate "2018.07.03"]
[SourceQuality "1"]
[WhiteTeam "SC Weisse Dame (Berlin)"]
[BlackTeam "SK Zehlendorf"]

1. e4 e6 2. d4 d5 3. Nc3 Nf6 4. e5 Nfd7 5. f4 c5 6. Nf3 Be7 7. Be3 b6 8. Qd2
O-O 9. Nd1 a5 10. c3 a4 11. Be2 Ba6 12. O-O Bxe2 13. Qxe2 Nc6 14. f5 exf5 15.
Qd2 Na5 16. Qc2 g6 17. Qxa4 c4 18. Qb5 Nb3 19. axb3 Rxa1 20. Qxd5 cxb3 21. Qxb3
Kg7 22. c4 Qa8 23. Nc3 Rxf1+ 24. Kxf1 Rc8 25. Nd5 Bd8 26. Qb5 Qc6 27. Qxc6 Rxc6
28. b3 h6 29. Ke2 g5 30. h3 f4 31. Bf2 Kg6 32. Kd3 Kf5 33. g4+ fxg3 34. Bxg3
Rc8 35. Ne3+ Kg6 36. Ke4 Ra8 37. b4 Ra4 38. b5 Ra3 39. Nd2 f6 40. exf6 Nxf6+
41. Kf3 Rd3 42. Ke2 Rxd4 43. Nf3 Re4 44. Ne5+ Kh7 45. Kd3 h5 46. Nd5 h4 47.
Nxf6+ Bxf6 48. Kxe4 hxg3 49. Nf3 Kg6 50. Ne1 Kh5 51. Kf5 Bd4 52. Ng2 Bf2 53.
Ke4 Kg6 54. Ke5 Kg7 55. Kf5 Kh6 56. Ke5 Kg6 57. Ke6 Bd4 58. Kd5 Bc5 59. Ke5 g4
60. hxg4 Kg5 61. Ke4 Kxg4 62. Nf4 Bd6 63. Ng2 Ba3 64. Ne3+ Kh3 65. Kf3 Bc1 66.
c5 Bxe3 67. c6 g2 68. c7 g1=Q 69. c8=Q+ Kh4 70. Qd8+ Qg5 71. Qh8+ Qh6 72. Qe5
Qf8+ 73. Kxe3 Qa3+ 74. Ke4 Qb4+ 75. Kf5 Qg4+ 76. Kf6 Qd7 77. Qf4+ Kh3 78. Qf5+
1-0

[Event "Werner-Ott-Open Kreuzberger Sommer"]
[Site "Berlin"]
[Date "2018.07.03"]
[Round "4.4"]
[White "Bui, Bao Anh Le"]
[Black "Radovanovic, Jovica"]
[Result "0-1"]
[WhiteElo "1883"]
[BlackElo "2311"]
[PlyCount "72"]
[EventDate "2018.06.30"]
[EventType "swiss"]
[EventRounds "9"]
[EventCountry "GER"]
[SourceTitle "WOOKS_2018_R4"]
[SourceDate "2018.07.03"]
[SourceVersion "1"]
[SourceVersionDate "2018.07.03"]
[SourceQuality "1"]
[WhiteTeam "SV Mattnetz Berlin"]

1. e4 c5 2. Nf3 e6 3. c4 Nc6 4. Nc3 e5 5. Be2 g6 6. d3 Bg7 7. O-O Nge7 8. Ne1
d6 9. Nc2 O-O 10. Nd5 h6 11. f4 exf4 12. Bxf4 Nxd5 13. cxd5 Ne5 14. Qd2 Kh7 15.
d4 cxd4 16. Nxd4 Bd7 17. Qb4 Qb6 18. Qxb6 axb6 19. Bb5 Ng4 20. Bxd7 Bxd4+ 21.
Kh1 Nf2+ 22. Kg1 Nxe4+ 23. Kh1 Nf2+ 24. Kg1 Nd3+ 25. Kh1 Be5 26. Be3 Nxb2 27.
Rac1 Nd3 28. Rc7 Nc5 29. Be6 Bg7 30. Rfxf7 Rxf7 31. Rxf7 Kh8 32. Bxc5 bxc5 33.
Rxb7 Be5 34. Rf7 c4 35. g3 c3 36. Rd7 Rb8 {Rest unlesbar. Bitte Rücksprache
im Turnierbüro.} 0-1

[Event "Werner-Ott-Open Kreuzberger Sommer"]
[Site "Berlin"]
[Date "2018.07.03"]
[Round "4.5"]
[White "Rehberg, Raphael"]
[Black "Sommaro, Katja"]
[Result "1-0"]
[WhiteElo "2279"]
[BlackElo "2087"]
[PlyCount "63"]
[EventDate "2018.06.30"]
[EventType "swiss"]
[EventRounds "9"]
[EventCountry "GER"]
[SourceTitle "WOOKS_2018_R4"]
[SourceDate "2018.07.03"]
[SourceVersion "1"]
[SourceVersionDate "2018.07.03"]
[SourceQuality "1"]

1. e4 d6 2. d4 Nf6 3. Nc3 g6 4. f3 Bg7 5. Be3 c6 6. Qd2 b5 7. a3 O-O 8. Bh6 e5
9. Nge2 Nbd7 10. h4 Qb6 11. Bxg7 Kxg7 12. h5 Re8 13. dxe5 dxe5 14. g4 Nf8 15.
O-O-O Be6 16. Ng3 Rab8 17. b3 Rbd8 18. Bd3 a5 19. Nf5+ Bxf5 20. exf5 Qc5 21.
hxg6 fxg6 22. Qh6+ Kf7 23. Kb2 b4 24. fxg6+ hxg6 25. axb4 axb4 26. Na4 Qd4+ 27.
Kb1 Qf4 28. g5 Nd5 29. Bxg6+ Nxg6 30. Qh7+ Ke6 31. Nc5+ Kd6 32. Nb7+ 1-0

[Event "Werner-Ott-Open Kreuzberger Sommer"]
[Site "Berlin"]
[Date "2018.07.03"]
[Round "4.6"]
[White "Woerz, Markus"]
[Black "Wierzbicki, Jirawat"]
[Result "0-1"]
[WhiteElo "2007"]
[BlackElo "2161"]
[PlyCount "29"]
[EventDate "2018.06.30"]
[EventType "swiss"]
[EventRounds "9"]
[EventCountry "GER"]
[SourceTitle "WOOKS_2018_R4"]
[SourceDate "2018.07.03"]
[SourceVersion "1"]
[SourceVersionDate "2018.07.03"]
[SourceQuality "1"]
[WhiteTeam "SC Kreuzberg"]
[BlackTeam "SK König Tegel"]

1. e4 e5 2. Nf3 Nc6 3. Bb5 a6 4. Ba4 Nf6 5. d4 exd4 6. O-O Be7 7. Re1 O-O 8. e5
Nd5 9. c3 Nb6 10. Bc2 dxc3 11. Nxc3 d6 12. exd6 Qxd6 13. Qe2 Bg4 14. Ne4 Qd5
15. Be3 0-1

[Event "Werner-Ott-Open Kreuzberger Sommer"]
[Site "Berlin"]
[Date "2018.07.03"]
[Round "4.7"]
[White "Kohler, Thomas"]
[Black "Weber, Erwin"]
[Result "1/2-1/2"]
[WhiteElo "2147"]
[BlackElo "1982"]
[PlyCount "42"]
[EventDate "2018.06.30"]
[EventType "swiss"]
[EventRounds "9"]
[EventCountry "GER"]
[SourceTitle "WOOKS_2018_R4"]
[SourceDate "2018.07.03"]
[SourceVersion "1"]
[SourceVersionDate "2018.07.03"]
[SourceQuality "1"]
[WhiteTeam "SC Zitadelle Spandau"]
[BlackTeam "SC Weisse Dame (Berlin)"]

1. Nf3 f5 2. d3 Nc6 3. d4 e6 4. c4 d5 5. g3 Nf6 6. Bg2 Bb4+ 7. Bd2 Be7 8. O-O
O-O 9. b3 Ne4 10. Bc1 Bf6 11. Bb2 Bd7 12. Na3 Be8 13. Nc2 Bh5 14. Nce1 g5 15.
Rc1 Bg7 16. Ne5 Nxe5 17. dxe5 dxc4 18. Qc2 cxb3 19. axb3 c6 20. Nd3 Qb6 21. Kh1
g4 1/2-1/2

[Event "Werner-Ott-Open Kreuzberger Sommer"]
[Site "Berlin"]
[Date "2018.07.03"]
[Round "4.8"]
[White "Krefenstein, Sergej"]
[Black "Gelman, Josef"]
[Result "1/2-1/2"]
[WhiteElo "2119"]
[BlackElo "1989"]
[PlyCount "90"]
[EventDate "2018.06.30"]
[EventType "swiss"]
[EventRounds "9"]
[EventCountry "GER"]
[SourceTitle "WOOKS_2018_R4"]
[SourceDate "2018.07.03"]
[SourceVersion "1"]
[SourceVersionDate "2018.07.03"]
[SourceQuality "1"]
[WhiteTeam "TuS Makkabi Berlin"]
[BlackTeam "SC Weisse Dame (Berlin)"]

1. Nf3 Nf6 2. g3 g6 3. Bg2 Bg7 4. O-O O-O 5. d3 d5 6. Nbd2 Nc6 7. c3 e5 8. Qc2
Qe7 9. e4 dxe4 10. dxe4 Bd7 11. a4 a5 12. b3 Rfd8 13. Nc4 Nh5 14. Ne3 Be6 15.
Ba3 Qd7 16. Rad1 Qe8 17. Ng5 Rxd1 18. Rxd1 Rd8 19. Nxe6 Rxd1+ 20. Qxd1 fxe6 21.
Bh3 Nf6 22. Qd3 Kf7 23. Qc4 Qd7 24. Kf1 Nd8 25. Ke2 Bh6 26. f3 Nc6 27. Qc5 b6
28. Qb5 Bxe3 29. Kxe3 Qd1 30. Bf1 Qe1+ 31. Be2 Qxc3+ 32. Qd3 Qa1 33. Qc4 Qxa3
34. Qxc6 Qc5+ 35. Qxc5 bxc5 36. Kd3 Nd7 37. Kc4 c6 38. f4 Kf6 39. Bf1 Ke7 40.
fxe5 Kf7 41. Be2 Ke7 42. h3 Kf7 43. h4 h6 44. h5 g5 45. Bd1 Ke7 1/2-1/2

[Event "Werner-Ott-Open Kreuzberger Sommer"]
[Site "Berlin"]
[Date "2018.07.03"]
[Round "4.9"]
[White "Von Herman, Ulf"]
[Black "Matitschka, Heinz"]
[Result "1-0"]
[WhiteElo "2354"]
[BlackElo "1939"]
[PlyCount "89"]
[EventDate "2018.06.30"]
[EventType "swiss"]
[EventRounds "9"]
[EventCountry "GER"]
[SourceTitle "WOOKS_2018_R4"]
[SourceDate "2018.07.03"]
[SourceVersion "1"]
[SourceVersionDate "2018.07.03"]
[SourceQuality "1"]
[WhiteTeam "SK König Tegel"]
[BlackTeam "TSG Oberschöneweide"]

1. d4 Nf6 2. c4 e6 3. Nf3 b6 4. Nc3 Bb4 5. Bg5 h6 6. Bh4 Bb7 7. e3 g5 8. Bg3
Ne4 9. Qc2 Bxc3+ 10. bxc3 d6 11. Bd3 f5 12. d5 Qe7 13. Bxe4 fxe4 14. Qxe4 exd5
15. Qd4 Rf8 16. cxd5 Nd7 17. O-O O-O-O 18. e4 Rde8 19. Rfe1 Ne5 20. Bxe5 dxe5
21. Qb4 Qd6 22. Nd2 Rf4 23. Qxd6 cxd6 24. a4 Ref8 25. f3 Ba6 26. a5 b5 27. Re3
R4f7 28. Nb1 g4 29. Kf2 Re7 30. Na3 Kd7 31. Nc2 gxf3 32. gxf3 Rg8 33. Nb4 Bc8
34. Rg1 Rxg1 35. Kxg1 Ke8 36. Kf2 Rg7 37. Re1 Rc7 38. Rc1 Bh3 39. Ke3 Rc4 40.
a6 Bc8 41. Kd3 Kf7 42. Rg1 Rc7 43. h4 Kf6 44. Rg8 Bd7 45. h5 1-0

[Event "Werner-Ott-Open Kreuzberger Sommer"]
[Site "Berlin"]
[Date "2018.07.03"]
[Round "4.10"]
[White "Dittrich, Tom"]
[Black "Foerster, Jonas"]
[Result "1-0"]
[WhiteElo "1931"]
[BlackElo "2284"]
[PlyCount "65"]
[EventDate "2018.06.30"]
[EventType "swiss"]
[EventRounds "9"]
[EventCountry "GER"]
[SourceTitle "WOOKS_2018_R4"]
[SourceDate "2018.07.03"]
[SourceVersion "1"]
[SourceVersionDate "2018.07.03"]
[SourceQuality "1"]
[WhiteTeam "SG Stadtilm"]
[BlackTeam "SV Empor Berlin"]

1. e4 g6 2. d4 Bg7 3. Nf3 d6 4. Nc3 Nf6 5. h3 O-O 6. Be3 a6 7. a4 b6 8. Bc4
Nxe4 9. Nxe4 d5 10. Bd3 dxe4 11. Bxe4 c6 12. Ne5 Bb7 13. h4 Ra7 14. h5 c5 15.
Bxb7 Rxb7 16. hxg6 fxg6 17. Qg4 Bxe5 18. dxe5 Rf5 19. Qc4+ Kg7 20. g4 Rxe5 21.
Qf4 Qd5 22. Qh6+ Kf6 23. Qf8+ Qf7 24. g5+ Ke6 25. Qc8+ Rd7 26. Qxb8 Qf3 27.
Qg8+ Kd6 28. Rd1+ Kc7 29. Rxd7+ Kxd7 30. Qxh7 Qe4 31. Qh3+ e6 32. Qh8 Qb4+ 33.
c3 1-0

[Event "Werner-Ott-Open Kreuzberger Sommer"]
[Site "Berlin"]
[Date "2018.07.03"]
[Round "4.11"]
[White "Jeremic, Dusan"]
[Black "Jaeger, Andre"]
[Result "0-1"]
[WhiteElo "2179"]
[BlackElo "1922"]
[PlyCount "73"]
[EventDate "2018.06.30"]
[EventType "swiss"]
[EventRounds "9"]
[EventCountry "GER"]
[SourceTitle "WOOKS_2018_R4"]
[SourceDate "2018.07.03"]
[SourceVersion "1"]
[SourceVersionDate "2018.07.03"]
[SourceQuality "1"]
[WhiteTeam "SF 1903 Berlin"]
[BlackTeam "SC Rochade (Berlin)"]

1. e4 c5 2. Nf3 Nc6 3. Bc4 e6 4. Qe2 Nge7 5. c3 d5 6. Bb3 dxe4 7. Qxe4 g6 8. d3
Bg7 9. Bf4 O-O 10. Nbd2 b5 11. O-O Bb7 12. Qe3 Rc8 13. Ne4 Nf5 14. Qe2 Na5 15.
Bc2 h5 16. h3 Qd5 17. Rad1 e5 18. Bg5 f6 19. Bd2 Qc6 20. c4 b4 21. a3 b3 22.
Bxa5 bxc2 23. Qxc2 Nd4 24. Nxd4 exd4 25. f3 f5 26. Ng5 Rfe8 27. Rde1 Bh6 28.
Bd2 Qd6 29. Qa4 Rxe1 30. Rxe1 Bxg5 31. Bxg5 Qg3 32. Re7 Bxf3 33. Qc2 Qxg5 34.
Re6 Kf7 35. Re5 Qg3 36. Qf2 Qxe5 37. Qxf3 0-1

[Event "Werner-Ott-Open Kreuzberger Sommer"]
[Site "Berlin"]
[Date "2018.07.03"]
[Round "4.12"]
[White "Namestnikov, Boris"]
[Black "Klatt, Jan"]
[Result "1-0"]
[WhiteElo "1890"]
[BlackElo "2177"]
[PlyCount "58"]
[EventDate "2018.06.30"]
[EventType "swiss"]
[EventRounds "9"]
[EventCountry "GER"]
[SourceTitle "WOOKS_2018_R4"]
[SourceDate "2018.07.03"]
[SourceVersion "1"]
[SourceVersionDate "2018.07.03"]
[SourceQuality "1"]
[WhiteTeam "SK Zehlendorf"]
[BlackTeam "SG Güstrow"]

1. d4 g6 2. c4 Bg7 3. e4 d6 4. Nc3 e5 5. dxe5 dxe5 6. Qxd8+ Kxd8 7. f4 Nc6 8.
Nf3 Nd4 9. Bd3 Nxf3+ 10. gxf3 Ne7 11. fxe5 Bxe5 12. Be3 Bxc3+ 13. bxc3 Nc6 14.
O-O-O Bd7 15. Rd2 Kc8 16. Rhd1 Re8 17. Bf1 Be6 18. Bg5 b6 19. c5 Kb7 20. Bf6
Rac8 21. Rb2 Na5 22. Rd4 Nc6 23. Ra4 Nb8 24. c6+ Ka8 25. Bb5 Bh3 26. Rb3 a5 27.
Rba3 Re6 28. Rxa5+ bxa5 29. Rxa5+ Na6 1-0

[Event "Werner-Ott-Open Kreuzberger Sommer"]
[Site "Berlin"]
[Date "2018.07.03"]
[Round "4.13"]
[White "Kauschmann, Herbert"]
[Black "Dathe, Frederick"]
[Result "1/2-1/2"]
[WhiteElo "2162"]
[BlackElo "1895"]
[PlyCount "72"]
[EventDate "2018.06.30"]
[EventType "swiss"]
[EventRounds "9"]
[EventCountry "GER"]
[SourceTitle "WOOKS_2018_R4"]
[SourceDate "2018.07.03"]
[SourceVersion "1"]
[SourceVersionDate "2018.07.03"]
[SourceQuality "1"]
[WhiteTeam "BSC Rehberge"]
[BlackTeam "SC Kreuzberg"]

1. e4 d5 2. e5 Bf5 3. d4 e6 4. Be3 Ne7 5. Nd2 Nd7 6. Ngf3 a6 7. c3 c5 8. Be2
Nc6 9. a3 Be7 10. O-O O-O 11. b4 cxd4 12. cxd4 f6 13. exf6 Bxf6 14. Nb3 Re8 15.
Rc1 Rc8 16. Qd2 Be7 17. Bf4 Nf6 18. Ne5 Nxe5 19. dxe5 Ne4 20. Qd4 Qd7 21. f3
Ng5 22. h4 Nf7 23. h5 Bc2 24. Nc5 Bxc5 25. bxc5 Ba4 26. Bd3 Bb5 27. Bxb5 Qxb5
28. Be3 Nd8 29. Rb1 Qa5 30. a4 Qc7 31. f4 Rf8 32. Rb6 Nc6 33. Qb2 Rb8 34. Rb1
Rf7 35. g3 Qd7 36. Bd4 Kf8 1/2-1/2

[Event "Werner-Ott-Open Kreuzberger Sommer"]
[Site "Berlin"]
[Date "2018.07.03"]
[Round "4.14"]
[White "Bruening, Wolfgang"]
[Black "Schulz, Hartmut"]
[Result "0-1"]
[WhiteElo "1850"]
[BlackElo "2080"]
[PlyCount "94"]
[EventDate "2018.06.30"]
[EventType "swiss"]
[EventRounds "9"]
[EventCountry "GER"]
[SourceTitle "WOOKS_2018_R4"]
[SourceDate "2018.07.03"]
[SourceVersion "1"]
[SourceVersionDate "2018.07.03"]
[SourceQuality "1"]
[WhiteTeam "ohne Verein"]
[BlackTeam "SC Rochade (Berlin)"]

1. Nf3 d5 2. d4 Nf6 3. e3 Bf5 4. Bd3 Bxd3 5. cxd3 c6 6. Nc3 e6 7. a3 Be7 8. O-O
O-O 9. Bd2 Nbd7 10. b4 Bd6 11. Qe2 Re8 12. Rfb1 Qe7 13. h3 Rac8 14. Rb3 e5 15.
dxe5 Nxe5 16. Nd4 g6 17. f4 Ned7 18. Qf3 Bb8 19. g4 c5 20. Nde2 c4 21. dxc4
dxc4 22. Rbb1 Ne4 23. Nxe4 Qxe4 24. Kf2 Nf6 25. Nc3 Qd3 26. Rd1 Rc6 27. Be1
Qc2+ 28. Kg1 Rce6 29. Ra2 Qb3 30. Bd2 Ne4 31. Nxe4 Rxe4 32. Raa1 Bxf4 33. Rab1
Bxe3+ 34. Kg2 Qa2 35. Ra1 Qc2 36. Rac1 Qb2 37. Rb1 Qe5 38. Rf1 Re7 39. Be1 Bd4
40. Bg3 Re2+ 41. Kh1 Qe4 42. Rbc1 c3 43. Bh4 Re6 44. Qxe4 R6xe4 45. Bg5 c2 46.
Rf4 Rxf4 47. Bxf4 Bb2 0-1

[Event "Werner-Ott-Open Kreuzberger Sommer"]
[Site "Berlin"]
[Date "2018.07.03"]
[Round "4.15"]
[White "Bergmann, Jens"]
[Black "Gebigke, Martin"]
[Result "0-1"]
[WhiteElo "1846"]
[BlackElo "2050"]
[PlyCount "58"]
[EventDate "2018.06.30"]
[EventType "swiss"]
[EventRounds "9"]
[EventCountry "GER"]
[SourceTitle "WOOKS_2018_R4"]
[SourceDate "2018.07.03"]
[SourceVersion "1"]
[SourceVersionDate "2018.07.03"]
[SourceQuality "1"]
[WhiteTeam "SK Tempelhof 1931"]
[BlackTeam "SC Kreuzberg"]

1. e4 c5 2. f4 Nf6 3. Nc3 d6 4. Bb5+ Nc6 5. d4 cxd4 6. Qxd4 Bd7 7. Bxc6 Bxc6 8.
Nf3 e6 9. Be3 Be7 10. O-O-O O-O 11. e5 dxe5 12. fxe5 Nd5 13. Nxd5 Bxd5 14. Qg4
Kh8 15. Kb1 b5 16. Rhf1 Qa5 17. b3 Rac8 18. Rf2 Rc6 19. Bd4 Ra6 20. Ng5 Qxa2+
21. Kc1 Bxb3 22. Bb2 Rc6 23. Rd7 Bxc2 24. Rxc2 Rxc2+ 25. Kxc2 Rc8+ 26. Kd3 Qb3+
27. Ke4 Qc2+ 28. Rd3 Rc4+ 29. Bd4 Rxd4+ 0-1

[Event "Werner-Ott-Open Kreuzberger Sommer"]
[Site "Berlin"]
[Date "2018.07.03"]
[Round "4.16"]
[White "Kirchhof, Arno"]
[Black "Grassi, Fabrizio"]
[Result "1-0"]
[WhiteElo "2041"]
[BlackElo "1872"]
[PlyCount "82"]
[EventDate "2018.06.30"]
[EventType "swiss"]
[EventRounds "9"]
[EventCountry "GER"]
[SourceTitle "WOOKS_2018_R4"]
[SourceDate "2018.07.03"]
[SourceVersion "1"]
[SourceVersionDate "2018.07.03"]
[SourceQuality "1"]
[WhiteTeam "SC Zugzwang 95 (Berlin)"]
[BlackTeam "SV Berlin-Friedrichstadt"]

1. d4 d5 2. c4 e6 3. Nf3 Nf6 4. Nc3 Nbd7 5. cxd5 exd5 6. Bf4 c6 7. e3 Be7 8. h3
Nf8 9. Bd3 Ng6 10. Bh2 Bd6 11. Bxd6 Qxd6 12. Qc2 Ne7 13. O-O g6 14. Rab1 Bf5
15. b4 Bxd3 16. Qxd3 a6 17. a4 O-O 18. b5 axb5 19. axb5 Ra3 20. Qd2 Rfa8 21.
bxc6 Qxc6 22. Rfc1 Qa6 23. Ne5 Kg7 24. Qb2 Qa5 25. Qxb7 Ra7 26. Qb6 Qxb6 27.
Rxb6 Rc7 28. Rxf6 Kxf6 29. Ne4+ dxe4 30. Rxc7 Ra1+ 31. Kh2 Ra2 32. f3 exf3 33.
Nxf3 Nd5 34. Rc6+ Ke7 35. Rc5 Kd6 36. e4 Ne3 37. Kg3 Nxg2 38. Ng5 f6 39. Nxh7
Ke7 40. Rc6 g5 41. Nxg5 fxg5 1-0

[Event "Werner-Ott-Open Kreuzberger Sommer"]
[Site "Berlin"]
[Date "2018.07.03"]
[Round "4.17"]
[White "Stein, Siegfried"]
[Black "Schulz, Olaf"]
[Result "0-1"]
[WhiteElo "1817"]
[BlackElo "2019"]
[PlyCount "58"]
[EventDate "2018.06.30"]
[EventType "swiss"]
[EventRounds "9"]
[EventCountry "GER"]
[SourceTitle "WOOKS_2018_R4"]
[SourceDate "2018.07.03"]
[SourceVersion "1"]
[SourceVersionDate "2018.07.03"]
[SourceQuality "1"]
[WhiteTeam "SV Berolina Mitte"]

1. e4 c6 2. d4 d5 3. e5 c5 4. dxc5 e6 5. Qg4 Qc7 6. Nf3 Bd7 7. Nc3 Ne7 8. Bf4
Ng6 9. Bg3 h5 10. Qg5 Be7 11. Qd2 h4 12. Bf4 Bxc5 13. Bd3 f5 14. a3 Qb6 15. Bg5
Bxf2+ 16. Ke2 Bd4 17. Bxf5 exf5 18. Nxd4 O-O 19. Rhe1 Nc6 20. Be3 f4 21. Bf2
Qc7 22. Kf1 Ncxe5 23. Nxd5 Qc4+ 24. Ne2 f3 25. Kg1 fxe2 26. Rxe2 Bc6 27. Nb4
Bxg2 28. Kxg2 Qg4+ 29. Kf1 Qh3+ 0-1

[Event "Werner-Ott-Open Kreuzberger Sommer"]
[Site "Berlin"]
[Date "2018.07.03"]
[Round "4.18"]
[White "Heerde, Thomas"]
[Black "Schenk, Rafael"]
[Result "1-0"]
[WhiteElo "2010"]
[BlackElo "1791"]
[PlyCount "73"]
[EventDate "2018.06.30"]
[EventType "swiss"]
[EventRounds "9"]
[EventCountry "GER"]
[SourceTitle "WOOKS_2018_R4"]
[SourceDate "2018.07.03"]
[SourceVersion "1"]
[SourceVersionDate "2018.07.03"]
[SourceQuality "1"]
[WhiteTeam "SC Weisse Dame (Berlin)"]
[BlackTeam "Ludwigsfelder SC"]

1. Nf3 Nf6 2. g3 g6 3. Bg2 Bg7 4. O-O O-O 5. d3 d6 6. c3 c5 7. a3 a5 8. a4 Na6
9. Na3 Rb8 10. e4 Nc7 11. Nc4 b6 12. e5 Nfe8 13. Re1 d5 14. Ne3 b5 15. axb5
Nxb5 16. Qa4 d4 17. cxd4 Nxd4 18. Nxd4 cxd4 19. Nc4 Bf5 20. Nxa5 Qc7 21. Qa3
Bxe5 22. Rxe5 Qxe5 23. Bf4 Qb5 24. Nc6 Rb6 25. Nxe7+ Kg7 26. Nxf5+ gxf5 27. h4
Qxb2 28. Bh6+ Kxh6 29. Qxf8+ Kg6 30. h5+ Kxh5 31. Qxf7+ Kh6 32. Ra7 Qc1+ 33.
Kh2 Nf6 34. Qg7+ Kh5 35. Bf3+ Ng4+ 36. Bxg4+ fxg4 37. Ra5+ 1-0

[Event "Werner-Ott-Open Kreuzberger Sommer"]
[Site "Berlin"]
[Date "2018.07.03"]
[Round "4.20"]
[White "Silz, Elisa"]
[Black "Woinowski, Michael"]
[Result "1-0"]
[WhiteElo "1988"]
[BlackElo "1788"]
[PlyCount "75"]
[EventDate "2018.06.30"]
[EventType "swiss"]
[EventRounds "9"]
[EventCountry "GER"]
[SourceTitle "WOOKS_2018_R4"]
[SourceDate "2018.07.03"]
[SourceVersion "1"]
[SourceVersionDate "2018.07.03"]
[SourceQuality "1"]
[WhiteTeam "SV Empor Berlin"]
[BlackTeam "SC Kreuzberg"]
[WhiteTeamCountry "GER"]
[BlackTeamCountry "GER"]

1. d4 Nf6 2. Nf3 d5 3. c4 e6 4. Nc3 c5 5. cxd5 Nxd5 6. g3 cxd4 7. Nxd5 Qxd5 8.
Qxd4 Qxd4 9. Nxd4 Bc5 10. Nb3 Bb6 11. Bg2 O-O 12. Bd2 Nc6 13. Rc1 e5 14. O-O
Rd8 15. Bc3 f6 16. Rcd1 Bg4 {(=)} 17. Bd5+ Kh8 18. Rd2 Bxe2 19. Re1 Bg4 20. Kg2
Rd6 21. f3 Bh5 22. Bxc6 Rxd2+ 23. Nxd2 bxc6 24. Ne4 Rd8 25. g4 Bf7 26. a3 Rd3
27. h4 Bd5 28. h5 Kg8 29. h6 Bxe4 30. Rxe4 Bd4 31. hxg7 Kxg7 32. Bxd4 Rxd4 33.
Re2 Rc4 34. Rd2 Kg6 35. Kg3 h5 36. gxh5+ Kxh5 37. Rd7 a5 38. Rd2 {(=)} 1-0

[Event "Werner-Ott-Open Kreuzberger Sommer"]
[Site "Berlin"]
[Date "2018.07.03"]
[Round "4.48"]
[White "Plaza Reino, Agustin"]
[Black "Wieczorek, Martin"]
[Result "1-0"]
[WhiteElo "1923"]
[BlackElo "1349"]
[PlyCount "85"]
[EventDate "2018.06.30"]
[EventType "swiss"]
[EventRounds "9"]
[EventCountry "GER"]
[SourceTitle "WOOKS_2018_R4"]
[SourceDate "2018.07.03"]
[SourceVersion "1"]
[SourceVersionDate "2018.07.03"]
[SourceQuality "1"]
[WhiteTeam "Enniscorthy CC"]
[BlackTeam "SK Dessau 93"]
[WhiteTeamCountry "IRL"]
[BlackTeamCountry "GER"]

1. e4 e6 2. d4 d5 3. Nd2 Nf6 4. e5 Nfd7 5. f4 c5 6. c3 cxd4 7. cxd4 Nc6 8. Ndf3
Qb6 9. h4 Bb4+ 10. Kf2 f6 11. Be3 O-O 12. a3 Be7 13. b4 Qd8 14. Bd3 fxe5 15.
fxe5 Ndxe5 16. dxe5 Nxe5 17. Bg5 Ng4+ 18. Ke1 e5 19. Qb3 Bxg5 20. Nxg5 Nf2 21.
Rh2 e4 22. Be2 Qd6 23. g3 Ng4 24. Rg2 Kh8 25. Rd1 Be6 {(=)} 26. Bxg4 Bxg4 27.
Qxd5 Qf6 28. Re2 Bxe2 29. Nxe2 Qf2+ 30. Kd2 Rad8 31. Nf7+ Rxf7 32. Qxd8+ Rf8
33. Qd4 e3+ 34. Kd3 Qf5+ 35. Kxe3 Re8+ 36. Kd2 Qe6 37. Qd3 Qb6 38. Kc2 Qf2 39.
Rd2 Qf8 40. Kb2 Qf6+ 41. Nc3 Rc8 42. Qd4 Qc6 43. Qd8+ 1-0